Tik dan Yam

Bibliographic Details
Main Author: Uda Matsaid
Format: Book
Published: Kuala Lumpur : Institut Terjemahan & Buku Malaysia Berhad , 2017
Series:Siri cerita anak itik
Subjects:

MARC

LEADER 00000cam a2200000 7i4500
001 0000083862
005 20220105104312.0
008 190715
020 |a 9789674604431 (Set) 
020 |a 9789674604455 
041 0 |a Malay 
090 0 0 |a JP   |b MAL 
100 0 |a Uda Matsaid 
245 0 0 |a Tik dan Yam   |c cerita dan ilustrasi Uda Matsaid 
260 |a Kuala Lumpur :   |b Institut Terjemahan & Buku Malaysia Berhad ,   |c 2017 
300 |a 24p. :   |b ill.col. ;   |c 21.4cm. 
490 0 |a Siri cerita anak itik 
500 |a Children age 4-6 years old (yellow) 
541 0 0 |c Purchased on 2019   |f 2019/05 KZB   |h RM15.00 
650 0 |a Children stories, Malay 
999 |a 0001584679   |b Book   |c Children Collection   |e Cawangan Tmn. Ungku Tun Aminah 
999 |a 0001584680   |b Book   |c Children Collection   |e Cawangan Taman Universiti 
999 |a 0001584681   |b Book   |c Children Collection   |e Cawangan Bandar Penawar 
999 |a 0001584682   |b Book   |c Children Collection   |e Cawangan Tangkak 
999 |a 0001584683   |b Book   |c Children Collection   |e Cawangan Mersing 
999 |a 0001584684   |b Book   |c Children Collection   |e Cawangan Segamat 
999 |a 0001584685   |b Book   |c Children Collection   |e Cawangan Sri Merlong 
999 |a 0001584686   |b Book   |c Children Collection   |e Cawangan Bukit Gambir 
999 |a 0001584687   |b Book   |c Children Collection   |e Cawangan Kota Tinggi 
999 |a 0001584688   |b Book   |c Children Collection   |e Cawangan Muar 
999 |a 0001584689   |b Book   |c Children Collection   |e Cawangan Batu Pahat 
999 |a 0001584690   |b Book   |c Children Collection   |e Cawangan Pontian 
999 |a 0001584691   |b Book   |c Children Collection   |e Cawangan Taman Sri Lambak 
999 |a 0001584692   |b Book   |c Children Collection   |e Cawangan Bandar Tenggara 
999 |a 0001584905   |b Book   |c Children Collection   |e Perbadanan Perpustakaan Awam Johor 
999 |a 0001584906   |b Book   |c Children Collection   |e Cawangan Urban Transformation Centre 
999 |a 0001584907   |b Book   |c Children Collection   |e Cawangan AEON Kulaijaya